Top 100 prospects according to mlb.com on June 1st 2015 - Statistics

General Stats
  • This quiz has been taken 65 times
  • The average score is 12 of 100
Answer Stats
Hint Answer % Correct
CF Byron Buxton
60%
SS Carlos Correa
55%
SS Francisco Lindor
44%
OF Aaron Judge
40%
SS/3B Corey Seager
36%
SP Brian Johnson
29%
SS Trea Turner
29%
1B/OF Josh Bell
27%
C/OF Kyle Schwarber
27%
OF Alex Jackson
24%
SP Aaron Nola
22%
SS J.P Crawford
22%
SP Eduardo Rodriguez
20%
SP Julio Urias
20%
SP Lucas Giolito
20%
OF Michael Conforto
20%
SS Tim Anderson
20%
SS/2B Addison Russell
18%
SP A.J Cole
18%
SP Archie Bradley
16%
SP Dylan Bundy
16%
3B Miguel Sano
16%
OF Domingo Santana
15%
3B Joey Gallo
15%
3B/1B Maikel Franco
15%
SP Noah Syndergaard
15%
SP Steven Matz
15%
SP Tyler Glasnow
15%
SP Jon Gray
13%
SP Jose Berrios
13%
1B Matt Olson
13%
SS Ozahaino Albies
13%
SP Alex Gonzalez
11%
OF Austin Meadows
11%
OF Bradley Zimmer
11%
SP Carlos Rodon
11%
C Jorge Alfaro
11%
SP Kyle Zimmer
11%
SP Marco Gonzales
11%
SP Mark Appel
11%
SS Nick Gordon
11%
3B Rafeal Devers
11%
SP Andrew Heaney
9%
3B D.J Peterson
9%
SP Henry Owens
9%
SP Kyle Freeland
9%
2B Orlando Arcia
9%
SS Raul Mondesi Jr
9%
SP Alex Meyer
7%
C Blake Swihart
7%
SP Braden Shipley
7%
SP Carl Edwards
7%
OF Dalton Pompey
7%
SP Daniel Norris
7%
SS Daniel Robertson
7%
OF David Dahl
7%
SS Gleyber Thomas
7%
SP Hunter Harvey
7%
RF Hunter Renfroe
7%
SP Kohl Stewart
7%
OF Manuel Margot
7%
SP Matt Wisler
7%
SP Nick Kingham
7%
SP Robert Stephenson
7%
SP Sean Newcomb
7%
SP Touki Toussaint
7%
SP Tyler Kolek
7%
SS Willy Adames
7%
SP Alex Reyes
5%
C Austin Hedges
5%
SP Brandon Finnegan
5%
SP Jameson Tailon
5%
OF Jesse Winker
5%
2B Jose Peraza
5%
C Justin O' Conner
5%
SP Kyle Crick
5%
SP Miguel Almonte
5%
C Resse Mcguire
5%
3B Ryan Mcmahon
5%
2B/SS Yoan Moncada
5%
SP Aaron Blair
4%
2B Alen Hanson
4%
2B Dilson Herrera
4%
SP Francelis Montas
4%
SP Grant Holmes
4%
C Kevin Plawecki
4%
SP Lucas Sims
4%
SP Seth Manea
4%
SP Vincent Velasquez
4%
OF Albert Amora
2%
OF Brandon Ninmo
2%
OF Clint Fraizier
2%
SS Franklin Barreto
2%
SP Jake Thomson
2%
SP Jeff Hoffman
2%
SP Luis Servino
2%
SP Michael Feliz
2%
OF Nomar Maraza
2%
SP Stephen Moya
2%
OF Stephen Piscotty
2%
No matching quizzes found
Score Distribution
Percent of People with Each Score
Percentile by Number Answered
Your Score History
You have not taken this quiz